|
|
|
|
| LEADER |
01197nam a2200289 i 4500 |
| 001 |
27649 |
| 003 |
BD-DhAAL |
| 005 |
20131001145149.0 |
| 008 |
131001r20091976nyua b 001 0 eng |
| 010 |
|
|
|a 75029515
|
| 020 |
|
|
|a 0306308886
|
| 040 |
|
|
|a DLC
|c DLC
|d DLC
|d BD-DhAAL
|
| 050 |
0 |
0 |
|a QR84
|b .R66 1976
|
| 082 |
0 |
0 |
|a 576/.11/92
|
| 999 |
|
|
|c 14048
|d 14048
|
| 999 |
|
|
|c 14048
|
| 100 |
1 |
|
|a Rose, Anthony H.
|9 3374
|
| 245 |
1 |
0 |
|a Chemical microbiology :
|b an introduction to microbial physiology /
|c Anthony H. Rose.
|
| 250 |
|
|
|a 3rd ed.
|
| 260 |
|
|
|a New York :
|b Plenum Press,
|c 1976. [Reprinted 2009]
|
| 300 |
|
|
|a ix, 469 p. :
|b ill. ;
|c 23 cm.
|
| 504 |
|
|
|a Includes bibliographies and index.
|
| 650 |
|
0 |
|a Microorganisms
|x Physiology.
|9 3375
|
| 650 |
|
0 |
|a Microbiological chemistry.
|9 3376
|
| 942 |
|
|
|2 ddc
|c BK
|
| 952 |
|
|
|0 0
|1 0
|2 ddc
|4 0
|6 576_119200000000000_ROS
|7 0
|9 23564
|a BRACUL
|b BRACUL
|c GEN
|d 2013-10-01
|e Trim Education
|g 3390.00
|l 3
|m 2
|o 576.1192 ROS
|p 3010027649
|r 2024-11-26
|s 2024-11-19
|t 1
|w 2013-10-01
|y BK
|
| 952 |
|
|
|0 0
|1 0
|2 ddc
|4 0
|6 576_119200000000000_ROS
|7 0
|9 23565
|a BRACUL
|b BRACUL
|c GEN
|d 2013-10-01
|e Trim Education
|g 3390.00
|l 3
|m 16
|o 576.1192 ROS
|p 3010027650
|r 2023-05-28
|s 2023-04-12
|t 2
|w 2013-10-01
|y BK
|